| 000 | 01055nas a2200265 i 4500 | ||
|---|---|---|---|
| 003 | DO-SdBNP | ||
| 005 | 20250728140459.0 | ||
| 007 | ta | ||
| 008 | 110829e1981 dr w p|r| ||00 |0spa d | ||
| 040 |
_aDO-SdBNP _bspa _cDO-SdBNP _erda |
||
| 041 | _hspa | ||
| 110 |
_aSeminario Católico Nacional _988437 |
||
| 245 | 0 |
_aCamino : _bal servicio de la verdad y la vida / _cSeminario Católico Nacional. |
|
| 264 |
_aSantiago de los Caballeros, República Dominicana : _bSeminario Católico Nacional. _bObispado de Santiago de los Caballeros, _c1981. |
||
| 300 |
_avolumen : _bilustraciones, fotografías ; _c36.5 cm. |
||
| 310 |
_aSemanal _b5 de julio de 1981. |
||
| 336 |
_atexto _btxt _2rdacontent |
||
| 337 |
_asin mediación _bn _2rdamedia |
||
| 338 |
_avolumen _bnc _2rdacarrier |
||
| 362 | _aAño 1. No. 1, julio 1981. | ||
| 500 | _aEste recurso se publica cada domingo. | ||
| 520 | _aCamino es punto de partida y meta que se abre. | ||
| 650 | 0 |
_aPrensa religiosa _vPublicaciones periódicas _zRepública Dominicana _988438 |
|
| 942 |
_2ddc _cISSUE |
||
| 999 |
_c32927 _d32927 |
||